Équipes ayant remporté le triplé - Statistiques

Statistiques générales
  • Ce quiz a été pris 263 fois
    94 depuis la dernière actualisation
  • Le résultat moyen est 9 sur 11
Statistiques - réponses
Saison Équipe % Correct
2024-2025 Paris Saint-Germain
99%
2008-2009 FC Barcelone
98%
2014-2015 FC Barcelone
98%
2012-2013 Bayern Munich
95%
2019-2020 Bayern Munich
95%
2022-2023 Manchester City
95%
2009-2010 Inter Milan
86%
1998-1999 Manchester United
85%
1971-1972 Ajax Amsterdam
74%
1987-1988 PSV Eindhoven
41%
1966-1967 Celtic FC
35%
Aucun quiz correspondant
Distribution des résultats
% des personnes avec chaque résultat
Percentile par nombre de réponses
Votre historique - résultats
Vous n’avez pas pris ce quiz depuis la dernière actualisation